فلسفہء سا ينس ا و ر کا ينات (Record no. 170306)

MARC details
000 -LEADER
fixed length control field 00640nam a22001937a 4500
005 - DATE AND TIME OF LATEST TRANSACTION
control field 20200103145137.0
010 ## - LCCN (DPL NO)
LC control number A-645035
020 ## - INTERNATIONAL STANDARD BOOK NUMBER
Terms of availability 55.00
International Standard Book Number -
035 ## - SYSTEM CONTROL NUMBER
System control number A-645035
037 ## - SOURCE OF ACQUISITION
Source of stock number/acquisition BPPD
082 ## - DEWEY DECIMAL CLASSIFICATION NUMBER
Classification number 523.1
100 ## - MAIN ENTRY--PERSONAL NAME
Personal name محمو د علی سڈ نی
245 ## - TITLE STATEMENT
Title فلسفہء سا ينس ا و ر کا ينات
Statement of responsibility, etc محمو د علی سڈ نی
246 ## - VARYING FORM OF TITLE
Title proper/short title Falsafa Science Aur Kaynat (Urdu)
Remainder of title by Mehmood Ali Sidney
260 ## - PUBLICATION, DISTRIBUTION, ETC. (IMPRINT)
Place of publication, distribution, etc N.Delhi
Date of publication, distribution, etc 1993ء
Name of publisher, distributor, etc Director Taraqui Urdu Beoro
270 ## - ADDRESS
Address West Block-1,R.K.Puram,
City N.Delhi
Telephone number -
Postal code 110066
300 ## - PHYSICAL DESCRIPTION
Extent 296 ص
Dimensions 22 cm(hb)
942 ## - ADDED ENTRY ELEMENTS (KOHA)
Source of classification or shelving scheme Dewey Decimal Classification
Item type Urdu Bks
Classification part 523.1
Call number suffix م ح م
Holdings
Withdrawn status Lost status Not for loan Collection code Home library Current library Date acquired Source of acquisition Cost, normal purchase price Full call number Barcode Copy number Cost, replacement price Koha item type
      Non-fiction Central Library Central Library 13/12/2019 BPPD/Ven. 55.00 523.1 م ح م A-645035 1 55.00 Urdu Bks

© Delhi Public Library
Hit Counter
free hit counter